| 000 | 00774cas a22002175a 4500 | ||
|---|---|---|---|
| 001 | L118660 | ||
| 008 | 020703d20012005xxkqr p 0 a0eng u | ||
| 035 | _a(Sirsi) u118660 | ||
| 041 | _aeng | ||
| 110 | 2 |
_aManagement Consultancies Association _9516 |
|
| 245 | 0 | 0 |
_aSpectra _bThe Journal of the Management Consultancies Association |
| 260 |
_aLondon _bMCA _c2001-2005 |
||
| 362 | 0 | _aSpring 2002-Spring 2005 | |
| 520 | _aKept for five years | ||
| 520 | _aAll issues of Spectra are available to download from www.mca.org.uk. | ||
| 554 | _aFour per year | ||
| 651 | 4 |
_aUnited Kingdom _y |
|
| 690 | _aMANAGEMENT-BUSINESS MANAGEMENT | ||
| 856 | 4 | 1 |
_uhttps://www.mca.org.uk/MCA/Publications/Spectra.aspx _zView all issues of Spectra online at www.mca.org.uk... |
| 942 | _n0 | ||
| 999 |
_c118752 _d118752 |
||